| 000 | 01219nam0a22003371 4500 | ||
|---|---|---|---|
| 001 | rc\2281904 | ||
| 005 | 20210512113241.0 | ||
| 035 | _a(NLR Aleph) 006561122 | ||
| 090 |
_a6844548 _c6844548 |
||
| 100 | _a20110829d1977 |||y0rusy50 ca | ||
| 101 | 0 | _arus | |
| 102 | _aRU | ||
| 105 | _aa z ||||| | ||
| 200 | 1 |
_aЯзык улицы _fЛ.С. Школьник, Е.Ф. Тарасов _gРед. А.А. Леонтьев _g[АН СССР, Ин-т языкознания] |
|
| 210 |
_aМосква _cНаука _d1977 |
||
| 215 |
_a62 с. _cил. _d20 |
||
| 225 | 1 | _aЛингвистика - научно-техническому прогрессу | |
| 606 |
_aРеклама _2psbo |
||
| 686 |
_aС555.74 _2rubbk |
||
| 686 |
_aШ141.2-70 _2rubbk |
||
| 700 | 1 |
_aШкольник _bЛ. С. _gЛеонид Семенович |
|
| 701 | 1 |
_aТарасов _bЕ. Ф. _cд-р филол. наук _f1935-2024 _gЕвгений Фёдорович _3RU\NLR\AUTH\7788330 _4340 |
|
| 702 | 1 |
_aЛеонтьев _bА. А. _4340 |
|
| 801 | 0 |
_aRU _bNLR _gpsbo |
|
| 801 | 1 |
_aRU _bELAR _2rusmarc |
|
| 852 |
_aNLR _j77-4/25609 |
||
| 899 |
_aRuMoRGB _jБ 77-56/715 |
||
| 899 |
_aRuMoRGB _jБ 77-56/716 |
||
| 942 | _cBOOK | ||
| 980 | _aNB | ||